000 00851nam a2200205 i 4500
001 134474
003 ES-MaACL
005 20250721062624.0
007 t|
008 070911s1940 sp |||| | spa d
100 1 _aWeber, Adolf.
_9116248
245 1 0 _aTratado de economía política /
_cAdolfo Weber ; traducción directa del alemán por José Alvarez Cienfuegos y Cobos.
260 _aBarcelona :
_bBosch,
_c1940.
300 _a4 v. ;
_c22 cm.
505 8 _aContiene: I. Introducción al estudio de la economía política - II. Teoría general de la economía política - III. Política agraria, de las artes y oficios e industrial - IV. Política comercial y de los transportes
650 0 7 _aEconomía
_2embne
_912006
700 0 _aAlvarez de Cienfuegos y Cobos, José.
_920756
852 _aES-MaACL
_jF-15766-69
999 _c134474
_d134474